Exposición documental: "Participación Ciudadana y Elecciones en Nicaragua 1838-1990"; catálogo /

Đã lưu trong:
Chi tiết về thư mục
Nhiều tác giả của công ty: Instituto de Historia de NicaraguaUCA. IHN, Fondo de Promoción Cultura del Banco Nicaragüense
Định dạng: Texto
Được phát hành: Managua: UCA
Các nhãn: Thêm thẻ
Không có thẻ, Là người đầu tiên thẻ bản ghi này!

MARC

LEADER 00000 a a2200000 04500
001 22838
003
040
090 |a 157300  
110 |a Instituto de Historia de NicaraguaUCA. IHN  
245 |a Exposición documental: "Participación Ciudadana y Elecciones en Nicaragua 1838-1990"; catálogo /  |c Instituto de Historia de NicaraguaUCA. IHN  
260 |a Managua:   |b UCA  
300 |a 59 p   |b il.  
710 |a Fondo de Promoción Cultura del Banco Nicaragüense  
999 |c 6693  |d 6693